000 00303nam a22001337a 4500
008 170830b xxu||||| |||| 00| 0 eng d
020 _a9780742554443
041 _aeng
080 _23RD
_a070
100 _a40
101 _aMED
245 _aADS, FADS & CONSUMER CULTURE
_cBERGER,A.A
942 _2udc
_cBK
999 _c25594
_d25594